Kajian awal ke atas status spesies pokok endemik di Semenanjung Malaysia

Bibliographic Details
Main Author: Sidkan bin Ali
Format: Book
Published: Bangi : Universiti Kebangsaan Malaysia , 1998
Subjects:

MARC

LEADER 00000cam a2200000 7i4500
001 0000003881
005 20110804.0
090 0 0 |a R THE 634.97   |b SIDK 1998 
100 0 0 |a Sidkan bin Ali 
245 0 0 |a Kajian awal ke atas status spesies pokok endemik di Semenanjung Malaysia   |c Sidkan bin Ali 
260 0 0 |a Bangi :   |b Universiti Kebangsaan Malaysia ,   |c 1998 
300 |a xiv, 212 p. :   |b .iil(maps) ;   |c 30 cm. 
500 0 0 |a Bibliography : p. 210-212 
500 0 0 |a Thesis: Bachelor of Science With Honours in Botany, Universiti Kebangsaan Malaysia (1998) 
650 0 0 |a Endemic tree---Malaysia 
998 |a JPSM 
999 |a 006202   |b Thesis   |c Reference   |e Default branch